Statystyki dla Wszystkie smaki chipsów Lay's

Kliknij tutaj aby rozwiązać quiz!

Ogólne statystyki

  • Ten quiz został rozwiązany 1 844 razy
  • Średni wynik to 10 z 23

Statystyki odpowiedzi

RodzajSmak% Poprawnych
ClassicPaprika
98%
Oven BakedPaprika
98%
KarbowanePapryka
98%
MaXxPapryka
98%
ClassicGreen Onion
85%
KarbowaneZielona Cebulka
85%
ClassicSalted
84%
Oven BakedSalted
84%
KarbowaneSolone
84%
ClassicFromage
75%
StixKetchup
41%
MaXxSer & Cebula
22%
StrongChilli & Lime
18%
Oven BakedChanterelles in a cream sauce
15%
MaXxOrientalna Salsa
12%
Oven BakedYoghurt with herbs
11%
ClassicSpicy Paprika
10%
StrongHot Pepperoni
7%
Oven BakedGrilled Vegetables
6%
StrongCheese & Jalapeno
5%
Inspired by NatureSól morska z ziołami
2%
Inspired by NaturePomidor z ziołami
1%
Inspired by NatureSer z oregano
1%

Rozkład punktacji

Percentyl według liczby udzielonych odpowiedzi

Procent ludzi z każdym wynikiem

Twoja historia wyników

Nie rozwiązałeś tego quizu